000 00296nam a2200133Ia 4500
008 220216s9999 xx 000 0 und d
100 _aThomas V
245 0 _aRubberum thekkum tholodu thol
260 _bKarshakasree
_c2014
300 _a62
650 _aRubber
650 _aTeak
942 _cJS
999 _c68330
_d68330